00884nam a2200205Ia 450000500170000000800410001702000180005804000560007604100080013224501450014026000410028530000480032649000390037450400530041365000310046665000520049765100580054965100420060770000290064920211111074956.0130821s2003 sp ao gr 1 spa d a9788484891017 aCo-BoUCMbspacSandra Palacio (modificó)d[Nuevo]00aspa10aFicciones y silencios fundacionales cFriedhelm Schmidt-Welle, editorb literaturas y culturas poscoloniales en América Latina (siglo XIX) aBarcelona (España)bVervuertc2003 a418 páginasbilustraciones, fotografías0 aColección Nexos y Diferenciasv8 aIncluye referencias bibliográficas e índices17aLiteratura latinoamericana17aLiteratura latinoamericanaxHistoriaySiglo XIX aAmérica LatinaxVida social y costumbresySiglo XIX aAmérica LatinaxHistoriaySiglo XIX1 aSchmidt-Welle, Friedhelm